000 00672nam a2200181 4500
005 20260304165353.0
008 260304b |||||||| |||| 00| 0 eng d
020 _a9789815165524
082 _aAV-Eb 614.8 R74 2024
100 _aRotaru, Mihaela.
_969954
245 _aOccupational Health and Safety /
_cMihaela Rotaru and Lucian-Ionel Cioca.
260 _a[No place of publication] :
_bBentham Science Publishers,
_c©2024.
300 _a151 pages.
650 0 _aIndustrial housekeeping.
_969956
700 _aCioca, Lucian-Ionel.
_eauthor.
_969955
856 _yhttps://ebookcentral.proquest.com/lib/uniofmindanao-ebooks/detail.action?docID=31151296
942 _2ddc
_cEB
999 _c24407
_d24407